chinese food - Statistics

General Stats
  • This quiz has been taken 11 times
  • The average score is 171 of 625
Answer Stats
Question Tile Select % Correct
very careful in every single detail attend No
78%
very careful in every single detail authority No
78%
very careful in every single detail challenging the palate No
78%
very careful in every single detail come off No
78%
very careful in every single detail contrive No
78%
very careful in every single detail eat with a capital E No
78%
very careful in every single detail ecstasy No
78%
very careful in every single detail elusive No
78%
very careful in every single detail enterprise No
78%
very careful in every single detail glutton No
78%
very careful in every single detail lavish No
78%
very careful in every single detail proceed with No
78%
very careful in every single detail spiritual and moral fibre No
78%
very careful in every single detail spring up No
78%
very careful in every single detail well being No
78%
very careful in every single detail at the root of No
67%
very careful in every single detail bedecked with No
67%
very careful in every single detail conform to No
67%
very careful in every single detail derive from No
67%
very careful in every single detail length and breath No
67%
very careful in every single detail part and parcel No
67%
very careful in every single detail ubiquitous No
67%
very careful in every single detail phenomial No
56%
very careful in every single detail piquant No
56%
very careful in every single detail fastidious Yes
44%
doing sth generously attend No
33%
think about sth in a particular way attend No
33%
everywhere attend No
33%
decorate sth attend No
33%
a person who eats too much attend No
33%
emotional strength to do what is right attend No
33%
essential part attend No
33%
the power to give orders to people attend No
33%
doing sth generously at the root of No
33%
think about sth in a particular way at the root of No
33%
everywhere at the root of No
33%
decorate sth at the root of No
33%
give thought or care for at the root of No
33%
invent and construct in a very unusual way at the root of No
33%
a person who eats too much at the root of No
33%
emotional strength to do what is right at the root of No
33%
essential part at the root of No
33%
the power to give orders to people at the root of No
33%
doing sth generously authority No
33%
think about sth in a particular way authority No
33%
everywhere authority No
33%
decorate sth authority No
33%
give thought or care for authority No
33%
invent and construct in a very unusual way authority No
33%
a person who eats too much authority No
33%
emotional strength to do what is right authority No
33%
essential part authority No
33%
doing sth generously bedecked with No
33%
think about sth in a particular way bedecked with No
33%
everywhere bedecked with No
33%
give thought or care for bedecked with No
33%
invent and construct in a very unusual way bedecked with No
33%
a person who eats too much bedecked with No
33%
emotional strength to do what is right bedecked with No
33%
essential part bedecked with No
33%
doing sth generously challenging the palate No
33%
think about sth in a particular way challenging the palate No
33%
everywhere challenging the palate No
33%
decorate sth challenging the palate No
33%
give thought or care for challenging the palate No
33%
invent and construct in a very unusual way challenging the palate No
33%
a person who eats too much challenging the palate No
33%
emotional strength to do what is right challenging the palate No
33%
essential part challenging the palate No
33%
the power to give orders to people challenging the palate No
33%
doing sth generously come off No
33%
think about sth in a particular way come off No
33%
everywhere come off No
33%
decorate sth come off No
33%
give thought or care for come off No
33%
invent and construct in a very unusual way come off No
33%
a person who eats too much come off No
33%
emotional strength to do what is right come off No
33%
essential part come off No
33%
the power to give orders to people come off No
33%
doing sth generously conform to No
33%
everywhere conform to No
33%
decorate sth conform to No
33%
give thought or care for conform to No
33%
invent and construct in a very unusual way conform to No
33%
a person who eats too much conform to No
33%
essential part conform to No
33%
the power to give orders to people conform to No
33%
doing sth generously contrive No
33%
think about sth in a particular way contrive No
33%
everywhere contrive No
33%
decorate sth contrive No
33%
give thought or care for contrive No
33%
a person who eats too much contrive No
33%
emotional strength to do what is right contrive No
33%
essential part contrive No
33%
the power to give orders to people contrive No
33%
doing sth generously derive from No
33%
think about sth in a particular way derive from No
33%
everywhere derive from No
33%
decorate sth derive from No
33%
give thought or care for derive from No
33%
invent and construct in a very unusual way derive from No
33%
a person who eats too much derive from No
33%
emotional strength to do what is right derive from No
33%
essential part derive from No
33%
the power to give orders to people derive from No
33%
doing sth generously eat with a capital E No
33%
think about sth in a particular way eat with a capital E No
33%
everywhere eat with a capital E No
33%
give thought or care for eat with a capital E No
33%
invent and construct in a very unusual way eat with a capital E No
33%
a person who eats too much eat with a capital E No
33%
emotional strength to do what is right eat with a capital E No
33%
essential part eat with a capital E No
33%
the power to give orders to people eat with a capital E No
33%
doing sth generously ecstasy No
33%
think about sth in a particular way ecstasy No
33%
everywhere ecstasy No
33%
decorate sth ecstasy No
33%
give thought or care for ecstasy No
33%
invent and construct in a very unusual way ecstasy No
33%
a person who eats too much ecstasy No
33%
emotional strength to do what is right ecstasy No
33%
essential part ecstasy No
33%
the power to give orders to people ecstasy No
33%
doing sth generously elusive No
33%
everywhere elusive No
33%
decorate sth elusive No
33%
give thought or care for elusive No
33%
invent and construct in a very unusual way elusive No
33%
emotional strength to do what is right elusive No
33%
essential part elusive No
33%
the power to give orders to people elusive No
33%
doing sth generously enterprise No
33%
think about sth in a particular way enterprise No
33%
everywhere enterprise No
33%
decorate sth enterprise No
33%
give thought or care for enterprise No
33%
invent and construct in a very unusual way enterprise No
33%
a person who eats too much enterprise No
33%
emotional strength to do what is right enterprise No
33%
essential part enterprise No
33%
the power to give orders to people enterprise No
33%
doing sth generously fastidious No
33%
think about sth in a particular way fastidious No
33%
everywhere fastidious No
33%
decorate sth fastidious No
33%
give thought or care for fastidious No
33%
invent and construct in a very unusual way fastidious No
33%
a person who eats too much fastidious No
33%
emotional strength to do what is right fastidious No
33%
essential part fastidious No
33%
the power to give orders to people fastidious No
33%
doing sth generously glutton No
33%
think about sth in a particular way glutton No
33%
decorate sth glutton No
33%
give thought or care for glutton No
33%
invent and construct in a very unusual way glutton No
33%
emotional strength to do what is right glutton No
33%
essential part glutton No
33%
the power to give orders to people glutton No
33%
think about sth in a particular way lavish No
33%
everywhere lavish No
33%
decorate sth lavish No
33%
give thought or care for lavish No
33%
invent and construct in a very unusual way lavish No
33%
a person who eats too much lavish No
33%
emotional strength to do what is right lavish No
33%
essential part lavish No
33%
the power to give orders to people lavish No
33%
doing sth generously length and breath No
33%
think about sth in a particular way length and breath No
33%
everywhere length and breath No
33%
decorate sth length and breath No
33%
give thought or care for length and breath No
33%
invent and construct in a very unusual way length and breath No
33%
a person who eats too much length and breath No
33%
emotional strength to do what is right length and breath No
33%
essential part length and breath No
33%
the power to give orders to people length and breath No
33%
doing sth generously part and parcel No
33%
think about sth in a particular way part and parcel No
33%
everywhere part and parcel No
33%
decorate sth part and parcel No
33%
invent and construct in a very unusual way part and parcel No
33%
a person who eats too much part and parcel No
33%
emotional strength to do what is right part and parcel No
33%
the power to give orders to people part and parcel No
33%
doing sth generously phenomial No
33%
think about sth in a particular way phenomial No
33%
everywhere phenomial No
33%
decorate sth phenomial No
33%
give thought or care for phenomial No
33%
invent and construct in a very unusual way phenomial No
33%
a person who eats too much phenomial No
33%
essential part phenomial No
33%
the power to give orders to people phenomial No
33%
doing sth generously piquant No
33%
think about sth in a particular way piquant No
33%
everywhere piquant No
33%
decorate sth piquant No
33%
invent and construct in a very unusual way piquant No
33%
a person who eats too much piquant No
33%
emotional strength to do what is right piquant No
33%
essential part piquant No
33%
everywhere proceed with No
33%
decorate sth proceed with No
33%
give thought or care for proceed with No
33%
invent and construct in a very unusual way proceed with No
33%
a person who eats too much proceed with No
33%
emotional strength to do what is right proceed with No
33%
essential part proceed with No
33%
the power to give orders to people proceed with No
33%
doing sth generously spiritual and moral fibre No
33%
think about sth in a particular way spiritual and moral fibre No
33%
everywhere spiritual and moral fibre No
33%
decorate sth spiritual and moral fibre No
33%
give thought or care for spiritual and moral fibre No
33%
invent and construct in a very unusual way spiritual and moral fibre No
33%
a person who eats too much spiritual and moral fibre No
33%
the power to give orders to people spiritual and moral fibre No
33%
doing sth generously spring up No
33%
think about sth in a particular way spring up No
33%
everywhere spring up No
33%
decorate sth spring up No
33%
give thought or care for spring up No
33%
invent and construct in a very unusual way spring up No
33%
a person who eats too much spring up No
33%
emotional strength to do what is right spring up No
33%
the power to give orders to people spring up No
33%
doing sth generously ubiquitous No
33%
think about sth in a particular way ubiquitous No
33%
decorate sth ubiquitous No
33%
give thought or care for ubiquitous No
33%
a person who eats too much ubiquitous No
33%
emotional strength to do what is right ubiquitous No
33%
essential part ubiquitous No
33%
the power to give orders to people ubiquitous No
33%
doing sth generously well being No
33%
think about sth in a particular way well being No
33%
everywhere well being No
33%
decorate sth well being No
33%
invent and construct in a very unusual way well being No
33%
a person who eats too much well being No
33%
emotional strength to do what is right well being No
33%
essential part well being No
33%
the power to give orders to people well being No
33%
general health and happiness attend No
22%
keep on doing sth attend No
22%
detach attend No
22%
give thought or care for attend Yes
22%
invent and construct in a very unusual way attend No
22%
a state of great happiness attend No
22%
the ability to think of ideas and make them successful attend No
22%
very common attend No
22%
为了吃而吃 attend No
22%
suddenly appear attend No
22%
very great and impressive attend No
22%
刺激味蕾 attend No
22%
cause or develop for sth attend No
22%
exciting or interesting attend No
22%
the main cause attend No
22%
follow directions attend No
22%
general health and happiness at the root of No
22%
keep on doing sth at the root of No
22%
detach at the root of No
22%
a state of great happiness at the root of No
22%
the ability to think of ideas and make them successful at the root of No
22%
为了吃而吃 at the root of No
22%
suddenly appear at the root of No
22%
very great and impressive at the root of No
22%
刺激味蕾 at the root of No
22%
exciting or interesting at the root of No
22%
follow directions at the root of No
22%
general health and happiness authority No
22%
keep on doing sth authority No
22%
detach authority No
22%
a state of great happiness authority No
22%
very common authority No
22%
为了吃而吃 authority No
22%
suddenly appear authority No
22%
very great and impressive authority No
22%
cause or develop for sth authority No
22%
exciting or interesting authority No
22%
the main cause authority No
22%
follow directions authority No
22%
general health and happiness bedecked with No
22%
keep on doing sth bedecked with No
22%
decorate sth bedecked with Yes
22%
detach bedecked with No
22%
a state of great happiness bedecked with No
22%
the power to give orders to people bedecked with No
22%
the ability to think of ideas and make them successful bedecked with No
22%
very common bedecked with No
22%
suddenly appear bedecked with No
22%
刺激味蕾 bedecked with No
22%
cause or develop for sth bedecked with No
22%
exciting or interesting bedecked with No
22%
the main cause bedecked with No
22%
follow directions bedecked with No
22%
general health and happiness challenging the palate No
22%
keep on doing sth challenging the palate No
22%
detach challenging the palate No
22%
a state of great happiness challenging the palate No
22%
the ability to think of ideas and make them successful challenging the palate No
22%
very common challenging the palate No
22%
为了吃而吃 challenging the palate No
22%
suddenly appear challenging the palate No
22%
very great and impressive challenging the palate No
22%
cause or develop for sth challenging the palate No
22%
exciting or interesting challenging the palate No
22%
the main cause challenging the palate No
22%
follow directions challenging the palate No
22%
general health and happiness come off No
22%
keep on doing sth come off No
22%
a state of great happiness come off No
22%
the ability to think of ideas and make them successful come off No
22%
very common come off No
22%
为了吃而吃 come off No
22%
suddenly appear come off No
22%
very great and impressive come off No
22%
刺激味蕾 come off No
22%
cause or develop for sth come off No
22%
exciting or interesting come off No
22%
the main cause come off No
22%
follow directions come off No
22%
think about sth in a particular way conform to No
22%
general health and happiness conform to No
22%
keep on doing sth conform to No
22%
emotional strength to do what is right conform to No
22%
a state of great happiness conform to No
22%
the ability to think of ideas and make them successful conform to No
22%
very common conform to No
22%
为了吃而吃 conform to No
22%
suddenly appear conform to No
22%
very great and impressive conform to No
22%
刺激味蕾 conform to No
22%
cause or develop for sth conform to No
22%
the main cause conform to No
22%
general health and happiness contrive No
22%
keep on doing sth contrive No
22%
detach contrive No
22%
a state of great happiness contrive No
22%
the ability to think of ideas and make them successful contrive No
22%
very common contrive No
22%
为了吃而吃 contrive No
22%
suddenly appear contrive No
22%
very great and impressive contrive No
22%
刺激味蕾 contrive No
22%
cause or develop for sth contrive No
22%
exciting or interesting contrive No
22%
the main cause contrive No
22%
follow directions contrive No
22%
general health and happiness derive from No
22%
keep on doing sth derive from No
22%
detach derive from No
22%
a state of great happiness derive from No
22%
the ability to think of ideas and make them successful derive from No
22%
very common derive from No
22%
为了吃而吃 derive from No
22%
suddenly appear derive from No
22%
very great and impressive derive from No
22%
刺激味蕾 derive from No
22%
exciting or interesting derive from No
22%
the main cause derive from No
22%
follow directions derive from No
22%
general health and happiness eat with a capital E No
22%
keep on doing sth eat with a capital E No
22%
decorate sth eat with a capital E No
22%
detach eat with a capital E No
22%
a state of great happiness eat with a capital E No
22%
the ability to think of ideas and make them successful eat with a capital E No
22%
very common eat with a capital E No
22%
suddenly appear eat with a capital E No
22%
刺激味蕾 eat with a capital E No
22%
cause or develop for sth eat with a capital E No
22%
exciting or interesting eat with a capital E No
22%
the main cause eat with a capital E No
22%
follow directions eat with a capital E No
22%
general health and happiness ecstasy No
22%
keep on doing sth ecstasy No
22%
detach ecstasy No
22%
the ability to think of ideas and make them successful ecstasy No
22%
为了吃而吃 ecstasy No
22%
suddenly appear ecstasy No
22%
very great and impressive ecstasy No
22%
刺激味蕾 ecstasy No
22%
cause or develop for sth ecstasy No
22%
exciting or interesting ecstasy No
22%
the main cause ecstasy No
22%
follow directions ecstasy No
22%
general health and happiness elusive No
22%
keep on doing sth elusive No
22%
detach elusive No
22%
a person who eats too much elusive No
22%
a state of great happiness elusive No
22%
the ability to think of ideas and make them successful elusive No
22%
very common elusive No
22%
为了吃而吃 elusive No
22%
suddenly appear elusive No
22%
very great and impressive elusive No
22%
刺激味蕾 elusive No
22%
cause or develop for sth elusive No
22%
exciting or interesting elusive No
22%
follow directions elusive No
22%
general health and happiness enterprise No
22%
keep on doing sth enterprise No
22%
detach enterprise No
22%
a state of great happiness enterprise No
22%
very common enterprise No
22%
为了吃而吃 enterprise No
22%
suddenly appear enterprise No
22%
very great and impressive enterprise No
22%
刺激味蕾 enterprise No
22%
cause or develop for sth enterprise No
22%
exciting or interesting enterprise No
22%
the main cause enterprise No
22%
follow directions enterprise No
22%
general health and happiness fastidious No
22%
keep on doing sth fastidious No
22%
detach fastidious No
22%
a state of great happiness fastidious No
22%
the ability to think of ideas and make them successful fastidious No
22%
very common fastidious No
22%
为了吃而吃 fastidious No
22%
suddenly appear fastidious No
22%
very great and impressive fastidious No
22%
刺激味蕾 fastidious No
22%
cause or develop for sth fastidious No
22%
exciting or interesting fastidious No
22%
the main cause fastidious No
22%
follow directions fastidious No
22%
everywhere glutton No
22%
keep on doing sth glutton No
22%
detach glutton No
22%
a person who eats too much glutton Yes
22%
a state of great happiness glutton No
22%
the ability to think of ideas and make them successful glutton No
22%
very common glutton No
22%
为了吃而吃 glutton No
22%
very great and impressive glutton No
22%
刺激味蕾 glutton No
22%
cause or develop for sth glutton No
22%
exciting or interesting glutton No
22%
the main cause glutton No
22%
doing sth generously lavish Yes
22%
general health and happiness lavish No
22%
keep on doing sth lavish No
22%
detach lavish No
22%
a state of great happiness lavish No
22%
the ability to think of ideas and make them successful lavish No
22%
very common lavish No
22%
为了吃而吃 lavish No
22%
suddenly appear lavish No
22%
very great and impressive lavish No
22%
刺激味蕾 lavish No
22%
cause or develop for sth lavish No
22%
exciting or interesting lavish No
22%
the main cause lavish No
22%
follow directions lavish No
22%
general health and happiness length and breath No
22%
keep on doing sth length and breath No
22%
detach length and breath No
22%
a state of great happiness length and breath No
22%
the ability to think of ideas and make them successful length and breath No
22%
very common length and breath No
22%
为了吃而吃 length and breath No
22%
suddenly appear length and breath No
22%
very great and impressive length and breath No
22%
刺激味蕾 length and breath No
22%
cause or develop for sth length and breath No
22%
exciting or interesting length and breath No
22%
the main cause length and breath No
22%
follow directions length and breath No
22%
general health and happiness part and parcel No
22%
keep on doing sth part and parcel No
22%
detach part and parcel No
22%
give thought or care for part and parcel No
22%
a state of great happiness part and parcel No
22%
the ability to think of ideas and make them successful part and parcel No
22%
very common part and parcel No
22%
为了吃而吃 part and parcel No
22%
suddenly appear part and parcel No
22%
very great and impressive part and parcel No
22%
刺激味蕾 part and parcel No
22%
cause or develop for sth part and parcel No
22%
exciting or interesting part and parcel No
22%
the main cause part and parcel No
22%
follow directions part and parcel No
22%
general health and happiness phenomial No
22%
keep on doing sth phenomial No
22%
detach phenomial No
22%
emotional strength to do what is right phenomial No
22%
a state of great happiness phenomial No
22%
the ability to think of ideas and make them successful phenomial No
22%
very common phenomial No
22%
为了吃而吃 phenomial No
22%
suddenly appear phenomial No
22%
刺激味蕾 phenomial No
22%
cause or develop for sth phenomial No
22%
the main cause phenomial No
22%
follow directions phenomial No
22%
general health and happiness piquant No
22%
detach piquant No
22%
give thought or care for piquant No
22%
a state of great happiness piquant No
22%
the power to give orders to people piquant No
22%
the ability to think of ideas and make them successful piquant No
22%
very common piquant No
22%
为了吃而吃 piquant No
22%
suddenly appear piquant No
22%
very great and impressive piquant No
22%
刺激味蕾 piquant No
22%
cause or develop for sth piquant No
22%
the main cause piquant No
22%
follow directions piquant No
22%
doing sth generously proceed with No
22%
think about sth in a particular way proceed with No
22%
general health and happiness proceed with No
22%
detach proceed with No
22%
a state of great happiness proceed with No
22%
the ability to think of ideas and make them successful proceed with No
22%
very common proceed with No
22%
为了吃而吃 proceed with No
22%
suddenly appear proceed with No
22%
very great and impressive proceed with No
22%
刺激味蕾 proceed with No
22%
cause or develop for sth proceed with No
22%
exciting or interesting proceed with No
22%
the main cause proceed with No
22%
very common spiritual and moral fiber No
22%
general health and happiness spiritual and moral fibre No
22%
keep on doing sth spiritual and moral fibre No
22%
detach spiritual and moral fibre No
22%
essential part spiritual and moral fibre No
22%
a state of great happiness spiritual and moral fibre No
22%
the ability to think of ideas and make them successful spiritual and moral fibre No
22%
为了吃而吃 spiritual and moral fibre No
22%
suddenly appear spiritual and moral fibre No
22%
very great and impressive spiritual and moral fibre No
22%
刺激味蕾 spiritual and moral fibre No
22%
exciting or interesting spiritual and moral fibre No
22%
the main cause spiritual and moral fibre No
22%
follow directions spiritual and moral fibre No
22%
general health and happiness spring up No
22%
keep on doing sth spring up No
22%
detach spring up No
22%
essential part spring up No
22%
the ability to think of ideas and make them successful spring up No
22%
very common spring up No
22%
为了吃而吃 spring up No
22%
very great and impressive spring up No
22%
刺激味蕾 spring up No
22%
cause or develop for sth spring up No
22%
exciting or interesting spring up No
22%
the main cause spring up No
22%
follow directions spring up No
22%
everywhere ubiquitous Yes
22%
general health and happiness ubiquitous No
22%
keep on doing sth ubiquitous No
22%
detach ubiquitous No
22%
invent and construct in a very unusual way ubiquitous No
22%
a state of great happiness ubiquitous No
22%
the ability to think of ideas and make them successful ubiquitous No
22%
suddenly appear ubiquitous No
22%
very great and impressive ubiquitous No
22%
刺激味蕾 ubiquitous No
22%
cause or develop for sth ubiquitous No
22%
exciting or interesting ubiquitous No
22%
the main cause ubiquitous No
22%
follow directions ubiquitous No
22%
keep on doing sth well being No
22%
detach well being No
22%
give thought or care for well being No
22%
a state of great happiness well being No
22%
the ability to think of ideas and make them successful well being No
22%
very common well being No
22%
为了吃而吃 well being No
22%
suddenly appear well being No
22%
very great and impressive well being No
22%
cause or develop for sth well being No
22%
exciting or interesting well being No
22%
the main cause well being No
22%
follow directions well being No
22%
very common at the root of No
11%
cause or develop for sth at the root of No
11%
the main cause at the root of Yes
11%
the power to give orders to people authority Yes
11%
the ability to think of ideas and make them successful authority No
11%
刺激味蕾 authority No
11%
为了吃而吃 bedecked with No
11%
very great and impressive bedecked with No
11%
detach come off Yes
11%
detach conform to No
11%
exciting or interesting conform to No
11%
invent and construct in a very unusual way contrive Yes
11%
very great and impressive eat with a capital E No
11%
a state of great happiness ecstasy Yes
11%
very common ecstasy No
11%
the main cause elusive No
11%
the ability to think of ideas and make them successful enterprise Yes
11%
general health and happiness glutton No
11%
suddenly appear glutton No
11%
follow directions glutton No
11%
essential part part and parcel Yes
11%
exciting or interesting phenomial No
11%
keep on doing sth piquant No
11%
keep on doing sth proceed with Yes
11%
follow directions proceed with No
11%
think about sth in a particular way regard Yes
11%
emotional strength to do what is right spiritual and moral fibre Yes
11%
cause or develop for sth spiritual and moral fibre No
11%
a state of great happiness spring up No
11%
suddenly appear spring up Yes
11%
为了吃而吃 ubiquitous No
11%
general health and happiness well being Yes
11%
刺激味蕾 well being No
11%
刺激味蕾 challenging the palate Yes
0%
follow directions conform to Yes
0%
cause or develop for sth derive from Yes
0%
为了吃而吃 eat with a capital E Yes
0%
very great and impressive phenomial Yes
0%
exciting or interesting piquant Yes
0%
very common ubiquitous Yes
0%
No matching quizzes found
Score Distribution
Percent of People with Each Score
Percentile by Number Answered
Your Score History
You have not taken this quiz